000 00750nam a2200241Ia 4500
003 OSt
005 20221005113127.0
006 a|||||r|||| 00| 0
007 ta
008 221004b |||||||| |||| 00| 0 pan d
020 _c125
024 _a96267
037 _b72868, 31/12/2008, Arsee Publishers
_cTextual
040 _aCRL
_cCRL
_bpan
041 _2pan
_apan
082 _aO153,3N38x, P4
100 _aਨੇਗੀ, ਚੰਦਨ
245 0 _aਹਰਖ ਸੋਗ
260 _aਦਿੱਲੀ
_bਰਚਨਾ ਪਬਲਿਰਗ਼ ਭਾਰਤ
_c2004
300 _a132ਪੰ
_ccm.
942 _hO153,3N38x, P4
_cTEXL
_2cc
999 _c1027134
_d1027134